Personnages de dessins animés en images - X, Y et Z - Statistiques

Statistiques générales
  • Ce quiz a été pris 480 fois
  • Le résultat moyen est 7 sur 16
Statistiques - réponses
Par images Réponse % Correct
Zeus
92%
Zig
90%
Zizie
77%
Zazu
68%
Zia
68%
Zig-zag
68%
Le Yéti
42%
Zip
40%
Yzma
38%
Zane
26%
Yoyo
24%
Zuma
24%
Yumi Ishiyama
22%
Zero
19%
Yax
5%
Xandra
2%
Aucun quiz correspondant
Distribution des résultats
% des personnes avec chaque résultat
Percentile par nombre de réponses
Votre historique - résultats
Vous n’avez pas pris ce quiz